Les Personnages de Super Mario Kart en 30s - Statistiques

Statistiques générales
  • Ce quiz a été pris 161 fois
  • Le résultat moyen est 6 sur 8
Statistiques - réponses
Réponse % Correct
Mario
100%
Peach
98%
Luigi
96%
Bowser
90%
Toad
77%
Yoshi
74%
Koopa
45%
Donkey Kong Jr.
34%
Aucun quiz correspondant
Distribution des résultats
% des personnes avec chaque résultat
Percentile par nombre de réponses
Votre historique - résultats
Vous n’avez pas pris ce quiz